00691nam a2200229Ia 4500008004000000041000800040082001200048100000600060245007700066260003600143300000700179650001200186650001100198650001400209650001300223650001800236650001900254690002200273906001100295999001900306952013600325210210b1928 xxu||||| |||| 00| 0 eng d aeng a320/669 a- aLeague of nations financial administration and apportionment of expenses aGenevabLeague of Nationsc1928 a41 anations aLeague afinancial aexpenses aapportionment aadministration aPolitical Science a003300 c120934d120934 001040748Political ScienceaALbALcPolitical Scienced2021-02-17g0.00l0o320/669p003300r2021-02-17 00:00:00w2021-02-17yBK